Košice Hotel Hutník

Zobrazenie: Pohľad na budovu hotela mierne zo strany. Pred hotelom je mierny briežok so schodiskom vľavo. Vľavo od hotela sú listnaté stromy a stĺp pouličného osvetlenia a vpravo je jeden listnatý strom a bytové domy. Za hotelom vľavo sú domy

Bibliographic Details
Other Authors: Rozman, Ladislav, 1898-1986 (Photographer)
Format: Postcard
Language:Slovak
PhysicalDescription:1 pohľadnica čiernobiela 11 x 15 cm
Published: Bratislava 1970
Subjects:

MARC

LEADER 00000nkm a2200000 a 4500
001 vtls012279540
003 SK-MaSNL
005 20260512124412.0
007 kp bo
008 250715s1970 xo g 0kuslo
015 |a SNBG1970 
040 |a SNK  |b slo  |c SNK  |e AACR2 
041 0 |a slo 
043 |a e-xo--- 
044 |a xo  |c SK 
072 7 |a 913  |x Regionálna geografia  |2 konspekt 
080 |a 913(437.6)  |2 2011 
080 |a 728.222  |2 2011 
080 |a 721  |2 2011 
080 |a 640.412  |2 2011 
080 |a (084.121)  |2 2011 
100 1 |a Rozman, Ladislav,  |d 1898-1986  |4 pht  |9 5062 
245 1 0 |a Košice  |h grafika  |b Hotel Hutník  |c foto Ladislav Rozman 
260 |a Bratislava  |e Epocha  |c 1970 
300 |a 1 pohľadnica  |b čiernobiela  |c 11 x 15 cm 
520 8 |a Zobrazenie: Pohľad na budovu hotela mierne zo strany. Pred hotelom je mierny briežok so schodiskom vľavo. Vľavo od hotela sú listnaté stromy a stĺp pouličného osvetlenia a vpravo je jeden listnatý strom a bytové domy. Za hotelom vľavo sú domy 
610 2 7 |a Hotel Hutník (Košice, Slovensko)  |2 SNKKA  |9 175994 
650 0 7 |a hotely  |2 SNKPH  |9 18422 
650 0 7 |a budovy  |2 SNKPH  |9 1283 
650 0 7 |a bytové domy  |2 SNKPH  |9 31781 
650 0 7 |a Hotels  |2 SNKPHeng  |9 266333 
650 0 7 |a Buildings  |2 SNKPHeng  |9 286401 
650 0 7 |a Residential houses  |2 SNKPHeng  |9 347268 
651 7 |a Košice (Slovensko)  |2 SNKPHgeo  |9 18694 
655 7 |a miestne pohľadnice  |2 SNKPH  |9 70510 
655 7 |a Local postcards  |2 SNKPHeng  |9 340887 
852 |a Slovenská národná knižnica 
954 |a pohľadnice pôvodné (slovenské)  |2 lita 
958 |a OND 
958 |a GBN 
958 |a GC 
999 |c 875397  |d 877327 
952 |a SNK  |b SNK  |y PREZ  |7 0  |p 17A1276087  |o snkSP 47463  |0 0  |1 0  |4 0  |d 2025-07-15  |l 0  |r 2026-02-24 05:56:21  |w 2026-02-24